000
00338nam a2200145Ia 4500
008
100122s9999 xx 000 0 und d
082
_b
5759
_a
823
100
_a
लेखक शोधणे
245
_a
घायाळ
260
_c
1924
300
_a
55
630
_a
घायाळ
730
_a
घायाळ
942
_c
BOOK
999
_c
398976
_d
398973